000
00244nam a2200097Ia 4500
001
920346
005
20250826191406.0
008
250824s9999 xx 000 0 und d
245
0
_a
RABBİN İÇİN SABRET
_c
UĞUR KOŞAR
260
_b
DESTEK YAYINLARI
999
_c
920346
_d
920346